Les dégâts du progrès : Les travailleurs face au changement technique
Đã lưu trong:
| 企业作者: | |
|---|---|
| 格式: | 图书 |
| 语言: | Undetermined |
| 出版: |
Paris
Éditions du Seuil
1977
|
| 主题: | |
| 标签: |
添加标签
没有标签, 成为第一个标记此记录!
|
| Thư viện lưu trữ: | Trung tâm Học liệu Trường Đại học Cần Thơ |
|---|
| LEADER | 00607nam a2200193Ia 4500 | ||
|---|---|---|---|
| 001 | CTU_78435 | ||
| 008 | 210402s9999 xx 000 0 und d | ||
| 082 | |a 301.5 | ||
| 082 | |b C748 | ||
| 110 | |a Confédération Francaise Démocratique du Travail | ||
| 245 | 0 | |a Les dégâts du progrès : | |
| 245 | 0 | |b Les travailleurs face au changement technique | |
| 245 | 0 | |c Confédération Francaise Démocratique du Travail | |
| 260 | |a Paris | ||
| 260 | |b Éditions du Seuil | ||
| 260 | |c 1977 | ||
| 650 | |a Working class | ||
| 650 | |z France | ||
| 980 | |a Trung tâm Học liệu Trường Đại học Cần Thơ | ||